000 00447nmm a2200157Ia 4500
008 251105s9999||||xx |||||||||||||||||und||
020 _a9789560106872
041 _aspa
100 _aMurialdo, Helios
245 0 _aLa orquídea secreta
264 _a[Santiago de Chile, Chile] :
_bRil editores,
_c2019
300 _a280 páginas
650 _aLatin American narrative
856 _uhttps://public.digitaliapublishing.com/a/65460
942 _cCF
999 _c94017
_d94017